000 00678nam a2200229 i 4500
001 bg
245 0 4 _aThe new Palgrave - a dictionary of economics.
_nVol. 1,
_pA to D /
_ced. by John Eatwell, Murray Milgate, Peter Newman.
260 _aLondon ;
_aNew York :
_bMacmillan :
_bStockton,
_c1998.
300 _aXXXI, 949 s. ;
_c25 cm.
650 9 _aNauki ekonomiczne
655 _aEncyklopedie
700 1 _aEATWELL, John.
_eRed.
700 1 _aMILLGATE, Murray.
_eRed.
700 1 _aNEWMAN, Peter.
_eRed.
020 _a1561591971
040 _cBPK
041 0 _aen
080 _a33(03)
920 _a1-56159-197-1
942 _cKS
008 s pl f |000 0 pol
999 _c39270
_d39270
856 _uhttp://koha.tu.koszalin.pl/cgi-bin/koha/opac-detail.pl?biblionumber=39270
_yKatalog online BPK